Statistics for Gases That Create The Colours Of The Aurora

Click here to take the quiz!

General Stats

  • This quiz has been taken 7 times
  • The average score is 5 of 5

Answer Stats

ColourGas% Correct
PinkNitrogen
100%
GreenOxygen
100%
RedOxygen
100%
BlueHydrogen
86%
PurpleHelium
71%

Score Distribution

Percentile by Number Answered

Percent of People with Each Score

Your Score History

You have not taken this quiz